| 000 | 004840000a22001690004500 | ||
|---|---|---|---|
| 003 | LK-CoMWRAF | ||
| 008 | 230817t ||||| |||| 00| 0 eng d | ||
| 040 |
_aLK-CoMWRAF _dLK-CoMWRAF _eLK-CoMWRAF |
||
| 041 | _aeng | ||
| 100 | _aMusammil, S.M.A.M. | ||
| 245 |
_aThikrin Wariseigalum Sathuliyya Thikrin Sirappugalum _b |
||
| 260 |
_bDr. Sheikh Shams Al Fassi Foundation (Mohamed Macan Markar) _aSri Lanka _c |
||
| 300 | _ap.94 | ||
| 650 | _aIslam | ||
| 650 | _aTamil Text | ||
| 942 | _cBK | ||
| 999 |
_c2345 _d2345 |
||